Places To Study

There are group study rooms, individual study carrels, computer labs, and other spaces to study in the Libraries.

Reserve A Group Room

Online Resources

Access thousands of eBooks, audiobooks, and online journals from the comfort of your home.

Explore Resources

Events and Workshops

Join our upcoming events and workshops to enhance your skills and knowledge.

View Events

ထေရာအပဒါန် ပါဠိတော်။ (Record no. 2438)

MARC details
000 -LEADER
fixed length control field 00927nam a22001817a 4500
003 - CONTROL NUMBER IDENTIFIER
control field OSt
005 - DATE AND TIME OF LATEST TRANSACTION
control field 20251113085258.0
008 - FIXED-LENGTH DATA ELEMENTS--GENERAL INFORMATION
fixed length control field 251108b |||||||| |||| 00| 0 eng d
040 ## - CATALOGING SOURCE
Transcribing agency DCL
082 ## - DEWEY DECIMAL CLASSIFICATION NUMBER
Classification number ၂၉၄.၃၈၂၃၅၆
130 ## - MAIN ENTRY--UNIFORM TITLE
Uniform title တိပိဋက။
Name of part/section of a work သုတ္တန္တပိဋက။
-- ခုဒ္ဒကနိကာယ။
Title of a work ထေရာအပါဒါန်၊
Language of a work ပါဠိတော်။
245 ## - TITLE STATEMENT
Title ထေရာအပဒါန် ပါဠိတော်။
264 ## - PRODUCTION, PUBLICATION, DISTRIBUTION, MANUFACTURE, AND COPYRIGHT NOTICE
Place of production, publication, distribution, manufacture ရန်ကုန် ၊
Name of producer, publisher, distributor, manufacturer ဟံသာဝတီသတင်းစာပုံနှိပ်တိုက်၊
Date of production, publication, distribution, manufacture, or copyright notice ၁၉၀၉။
300 ## - PHYSICAL DESCRIPTION
Extent ၄၈၈ စာမျက်နှာ ၊
Dimensions ၃၀ စင်တီ။
650 ## - SUBJECT ADDED ENTRY--TOPICAL TERM
Topical term or geographic name entry element ထေရာပဒါန်
Form subdivision ပါဠိတော်။
650 ## - SUBJECT ADDED ENTRY--TOPICAL TERM
Topical term or geographic name entry element ထေရာအပါဒါန်
Form subdivision ပါဠိတော်။
942 ## - ADDED ENTRY ELEMENTS (KOHA)
Source of classification or shelving scheme Dewey Decimal Classification
Koha item type Short Term
Suppress in OPAC No
Holdings
Withdrawn status Lost status Source of classification or shelving scheme Damaged status Not for loan Collection Accession No. Home library Current library Shelving location Date acquired Total checkouts Full call number Barcode Date last seen Price effective from Koha item type
    Dewey Decimal Classification     Myanmar Pitaka Collection ၁၇၄၄ Dhammadhara Dhammadhara Myanmar Pitaka Shelves 08/11/2025   ၂၉၄.၃၈၂၃၅၆ ခုဒ္ဒ ၁၇၄၄ MB00001744 08/11/2025 08/11/2025 Short Term